Diálogo em gêneros, 6º ano (Record no. 75603)

MARC details
000 -LÍDER
campo de controle de tamanho fixo 00381 a2200157 4500
001 - NÚMERO DE CONTROLE
campo de controle 75603
020 ## - ISBN - INTERNATIONAL STANDARD BOOK NUMBER
ISBN - International Standard Book Number 9788596002165
040 ## - FONTE DA CATALOGAÇÃO
Instituição que transcreveu o registro Anchieta - Colégio São Paulo
100 ## - ENTRADA PRINCIPAL--NOME PESSOAL
Nome pessoal Beltrão, Eliana Lúcia Santos
240 10 - TÍTULO UNIFORME
Título uniforme Diálogo em gêneros, 6º ano
Idioma da obra por
245 10 - TÍTULO
Título Diálogo em gêneros, 6º ano
300 ## - DESCRIÇÃO FÍSICA
Extensão 320
362 0# - DATAS DE PUBLICAÇÃO E/OU DESIGNAÇÃO SEQUENCIAL
Datas de publicação e/ou designação sequencial 2016
650 #4 - ASSUNTO--TERMO TÓPICO
Cabeçalho tópico ou nome geográfico Português
942 ## - ELEMENTOS DE ENTRADA ADICIONADOS (KOHA)
Tipo de material Koha Livros
Holdings
Situação do descarte Situação das perdas Situação física Não pode ser emprestado Biblioteca de origem Biblioteca atual Data de aquisição Total de empréstimos Código de barras Data de último acesso Data do preço efetivo Tipo de material Koha
        Canadian School of Niterói - Piratininga Canadian School of Niterói - Piratininga 09/02/2024   A15298 09/02/2024 09/02/2024 Livros